| 000 | 00000nam##2200000za#4500 |
| 001 | 9.699890 |
| 003 | CaOODSP |
| 005 | 20210625000603 |
| 007 | cr ||||||||||| |
| 008 | 150407|1975||||xxc|||||o f|0| 0 eng|d |
| 040 | |aCaOODSP|beng |
| 043 | |an-cn--- |
| 086 | 1 |aT22-30/1975E-PDF |
| 110 | 1 |aCanada. |bTransport Canada. |
| 245 | 10|aAir Canada Inquiry report / |h[electronic resource]|cby The Honourable Willard Z. Estey, commissioner. |
| 260 | |aOttawa - Ontario : |bTransport Canada |cOctober 1975. |
| 300 | |a169, 154p.|borganization chart |
| 500 | |aHistorical publication digitized in 2008 by the Privy Council Office of Canada. |
| 590 | |a15-04-Supp|b2015-03-19 |
| 690 | 07|aAirlines|2gcpds |
| 690 | 07|aCommissions of inquiry|2gcpds |
| 690 | 07|aFinancial management|2gcpds |
| 775 | 08|tLe rapport de l'Enquête sur Air Canada / |w(CaOODSP)9.643844 |
| 856 | 40|ahttp://publications.gc.ca|qPDF|s8.84 MB|uhttps://publications.gc.ca/collections/collection_2014/tc/T22-30-1975-1-eng.pdf |
| 856 | 40|ahttp://publications.gc.ca|qPDF|s8.08 MB|uhttps://publications.gc.ca/collections/collection_2014/tc/T22-30-1975-2-eng.pdf |